Textbook of operative dentistry / (Record no. 21745)
[ view plain ]
| 000 -LEADER | |
|---|---|
| fixed length control field | 00924cam a22002655a 4500 |
| 005 - DATE AND TIME OF LATEST TRANSACTION | |
| control field | 20161127112450.0 |
| 008 - FIXED-LENGTH DATA ELEMENTS--GENERAL INFORMATION | |
| fixed length control field | 160515s2015 ii a frb 001 0 eng d |
| 020 ## - INTERNATIONAL STANDARD BOOK NUMBER | |
| International Standard Book Number | 9789351526339 |
| 040 ## - CATALOGING SOURCE | |
| Original cataloging agency | EG-ScBUE |
| Language of cataloging | eng |
| Transcribing agency | EG-ScBUE |
| Modifying agency | EG-ScBUE |
| 082 04 - DEWEY DECIMAL CLASSIFICATION NUMBER | |
| Edition number | 22 |
| Classification number | 617.6 |
| Item number | TEX |
| 245 00 - TITLE STATEMENT | |
| Title | Textbook of operative dentistry / |
| Statement of responsibility, etc | editors Nisha Garg, Amit Garg ; foreword Ibrahim Abu Tahun. |
| 250 ## - EDITION STATEMENT | |
| Edition statement | 3rd ed. |
| 260 ## - PUBLICATION, DISTRIBUTION, ETC. (IMPRINT) | |
| Place of publication, distribution, etc | New Delhi : |
| Name of publisher, distributor, etc | The Health Sciences Publisher, |
| Date of publication, distribution, etc | 2015. |
| 300 ## - PHYSICAL DESCRIPTION | |
| Extent | xix, 524 p. : |
| Other physical details | ill. ; |
| Dimensions | 28 cm. |
| 500 ## - GENERAL NOTE | |
| General note | Index : p. [515]-524. |
| 504 ## - BIBLIOGRAPHY, ETC. NOTE | |
| Bibliography, etc | Includes bibliographical references. |
| 650 #7 - SUBJECT ADDED ENTRY--TOPICAL TERM | |
| Source of heading or term | BUEsh |
| 9 (RLIN) | 39515 |
| Topical term or geographic name as entry element | Dentistry. |
| 650 #7 - SUBJECT ADDED ENTRY--TOPICAL TERM | |
| 9 (RLIN) | 30617 |
| Topical term or geographic name as entry element | Dentistry, Operative. |
| Source of heading or term | BUEsh |
| 651 ## - SUBJECT ADDED ENTRY--GEOGRAPHIC NAME | |
| Source of heading or term | BUEsh |
| 653 ## - INDEX TERM--UNCONTROLLED | |
| Resource For college | |
| Arrived date list | May2016 |
| -- | November2016 |
| 700 1# - ADDED ENTRY--PERSONAL NAME | |
| Personal name | Garg, Nisha |
| Relator term | editor. |
| 9 (RLIN) | 32538 |
| 700 1# - ADDED ENTRY--PERSONAL NAME | |
| Personal name | Garg, Amit, |
| Relator term | editor. |
| 9 (RLIN) | 32541 |
| 700 1# - ADDED ENTRY--PERSONAL NAME | |
| Personal name | Abu Tahun, Ibrahim, |
| Relator term | author of introduction, etc. |
| 942 ## - ADDED ENTRY ELEMENTS (KOHA) | |
| Source of classification or shelving scheme | Dewey Decimal Classification |
| Withdrawn status | Item status | Source of classification or shelving scheme | Damaged status | Not for loan | Vendor | Home library | Current library | Shelving location | Date acquired | Source of acquisition | Cost, normal purchase price | Total Checkouts | Total Renewals | Full call number | Barcode | Date last seen | Date last borrowed | Cost, replacement price | Koha item type | Serial Enumeration / chronology |
|---|---|---|---|---|---|---|---|---|---|---|---|---|---|---|---|---|---|---|---|---|
| Dewey Decimal Classification | Alahram | Central Library | Central Library | First floor | 15/05/2016 | Purchase | 239.00 | 2 | 7 | 617.6 TEX | 000032489 | 15/07/2025 | 09/10/2018 | 298.75 | Book - Borrowing | |||||
| Dewey Decimal Classification | Baccah | Central Library | Central Library | First floor | 27/11/2016 | Purchase | 262.00 | 3 | 38 | 617.6 TEX | 000040063 | 15/07/2025 | 13/09/2021 | 327.50 | Book - Borrowing | 25138 |